LEADER 00759nab a2200145 i 4500 001 000000324232 003 CaOOAMICUS 005 20180831173439.0 008 180831n xx uu u0 0und r 013 $a35026 040 $aSeMil$bita 245 10$aScuola e cultura :$bLetture e interpretazioni del Petrarca. 600 14$aPetrarca, Francesco <1304-1374>.$0(OLS)http://semarc/subject/1171 773 0 $tSforzo serio e costruttivo ha portato alle proposte dei programmi del biennio... ; Handicappati nella superiore... ; Programmare, un obbligo, un'opzione? ; Poeta, filosofo, studioso dell'antichità Francesco Petrarca... ; ... la filosofia polacca.$gp.25-62$w()285207 996 $6245$aScuola e cultura :$bLetture e interpretazioni del Petrarca$9(OLS)http://semarc/title/397528 LEADER 00712nab a2200145 i 4500 001 000000262722 003 CaOOAMICUS 005 20051010000000.0 008 051010n xx uu u0 0und r 013 $a4096 040 $aSeMil$bita 245 10$aAviaria? No problem :$bsi avvicina il grande business della campagna antinfluenzale a l'Asl tranquillizza i cittadini. - 31 p. : ill. - Titolo principale dalla prima pagina. 500 $a9 OTTOBRE 2005. 773 0 $t[2005.$dVarese : Ediluce, 2005.$w()139990 996 $6245$aAviaria? No problem :$bsi avvicina il grande business della campagna antinfluenzale a l'Asl tranquillizza i cittadini. - 31 p. : ill. - Titolo principale dalla prima pagina.$9(OLS)http://semarc/title/356156